01402cam a22003735a 450000100090000000300050000900500170001400800410003101000170007202000180008903500230010704000230013004200140015304300120016705000270017910000220020624500860022824600170031426000420033130000350037344000160040852001710042460000570059560000360065265000620068865000630075065000620081365000610087565000150093665000160095165000150096765000140098270000320099612766356SISC20160601102736.0020507s2002 nyuab j 000 0beng d a 2002280612 a9780448424958 a(OCoLC)ocm49211684 aVVWcVVWdCPLdDLC alccopycat an-us---00aE 302.6. F8bF725 20021 aFradin, Dennis B.10aWho was Ben Franklin? /cby Dennis Brindell Fradin ; illustrated by John O'Brien.30aBen Franklin aNew York :bGrosset & Dunlap,cc2002. a105 p. :bill., maps ;c20 cm. 0aWho was-- ? aA biography of the eighteenth-century printer, publisher, inventor, scientist, and statesman who played an influential role in the early history of the United States.10aFranklin, Benjamin,d1706-1790vJuvenile literature.11aFranklin, Benjamin,d1706-1790. 0aStatesmenzUnited StatesvBiographyvJuvenile literature. 0aScientistszUnited StatesvBiographyvJuvenile literature. 0aInventorszUnited StatesvBiographyvJuvenile literature. 0aPrinterszUnited StatesvBiographyvJuvenile literature. 1aStatesmen. 1aScientists. 1aInventors. 1aPrinters.1 aO'Brien, John,d1953-eill.